000 00649cam a2200205 a 4500
001 000018369
005 20200929165458.0
008 821124s1982 ht 000 0 fre d
040 _aDO-SdBNP
_bfre
_cLC
_dBNPHU
050 0 0 _aMLCS 84/01348 (P)
082 _ann*
_bC475m
100 1 _aCharles, Christophe,
_d1951-
_939778
245 1 0 _aMagloire Saint-Aude :
_bgriot et surrealiste (essai critique) /
_cChristophe Charles.
260 _aPort-au-Prince, Haiti :
_bChoucoune,
_c1982.
300 _a114 p. ;
_c18 cm.
490 1 _aEssai/Choucoune,
_v4
830 0 _aEssai/Choucoune ;
_v4
_939779
910 _aCatalogación derivada / LC
049 _aBNGR
999 _c17890
_d17890